Nawaz Sharif: (Record no. 35395)

MARC details
000 -LEADER
fixed length control field 00428nam a22001457a 4500
005 - DATE AND TIME OF LATEST TRANSACTION
control field 20240319104447.0
008 - FIXED-LENGTH DATA ELEMENTS--GENERAL INFORMATION
fixed length control field 240319b |||||||| |||| 00| 0 eng d
082 ## - DEWEY DECIMAL CLASSIFICATION NUMBER
Classification number 891.439
Item number MOH-N
100 ## - MAIN ENTRY--AUTHOR
Author Name Muhammad farooq Qureshi
245 ## - TITLE STATEMENT
Title Nawaz Sharif:
Remainder of title Aik Hukmaraan- aik siyasatdaan
Statement of responsibility, etc. by Muhammad farooq Qureshi
260 ## - PUBLICATION, DISTRIBUTION, ETC.
Place of Publication Pakistan:
Name of publisher, distributor, etc. Quomi Press ;
Date of publication, distribution, etc. 1994 .
300 ## - PHYSICAL DESCRIPTION
Pages 456 p. :
650 ## - SUBJECT ADDED ENTRY--TOPICAL TERM
Subject / Department Literature
300 ## - PHYSICAL DESCRIPTION
-- 21.5 cm.

No items available.

Powered by Koha